000 01143nam a22003617a 4500
001 BR2023001972
003 BR-BrBNA
005 20231114074239.0
008 231024b bl.||||| |||| 00| 0 por d
020 _a978-85-7991-119-4
040 _aBR-BrBNA
_bpor
041 _apor
072 _aH01 ; L70 ; Q03
090 _aH01 BR2023001972
110 1 _96721
_aMinistério da Agricultura, Pecuária e Abastecimento, Brasília, DF (Brasil). Secretaria de Defesa Agropecuária
245 _aDefesa agropecuária: histórico, ações e perspectivas
260 _aBrasília, DF (Brasil)
_c2018
300 _a296 p.
500 _aIncludes several bibliographies; 30 illus.; 15 tables
650 _aAGRONEGÓCIO
650 _aDOENÇA DE PLANTA
650 _aDOENÇA ANIMAL
650 _aINSPEÇÃO SANITÁRIA
650 _aDEFESA VEGETAL
650 _aDEFESA ANIMAL
650 _aGATT
650 _aREGULAMENTAÇÃO
650 _aLEGISLAÇÃO
650 _aHISTÓRIA
856 _uhttps://repositorio-dspace.agricultura.gov.br/bitstream/1/195/1/livro-defesa-agropecuaria.pdf
909 _a202310
_bFernando
942 _cBK
999 _c86561
_d86561